Sluka povolená

Bibliographic Details
Format: Article
Language:Slovak
Subjects:

MARC

LEADER 00000nab a2200000 a 4500
001 vtls008991412
003 SK-MaSNL
005 20260304141025.0
008 250505c2007 xo |||||||||||000 b|slo
015 |a SNBRB2007/05  |2 snkbucl 
035 |a (uuid)9573c415-43d1-4fd6-9fc8-d75112d78be2 
035 |a urn:nbn:sk:snk-abesyo 
035 |a (urnnbn)urn:nbn:sk:snk:ar-0074oc 
038 |a SNKBUCL 
040 |a SNKBUCL  |b slo  |c SNKBUCL  |e AACR2 
041 0 |a slo 
044 |a xo  |c SK 
080 |a 639.121.05  |x (437.6)  |2 1997 
245 0 0 |a Sluka povolená 
650 0 7 |a sluka hôrna  |2 snkbucl  |9 212278 
650 0 7 |a lov zveri  |2 snkbucl  |9 2772 
650 0 7 |a predpisy  |2 snkbucl  |9 267977 
651 7 |a Slovensko  |2 snkbucl 
773 0 |t Poľovníctvo a rybárstvo  |g Roč. 59, č. 3 (2007), s. 8  |x 0231-8768 
850 |a Slovenská národná knižnica 
852 |a Slovenská národná knižnica 
958 |a article27 
958 |a OND 
958 |a SK 
999 |c 2917153  |d 2919083